00742 2200241 4500001002100000005001700021008004100038020001800079035002400097090001800121245008600139260003400225300003100259500006900290650004000359700001400399700002100413850001200434980001700446985000600463986001000469999002100479YOGYA-0209000004593020090227031025.0 ind  a979-763-078-1 0010-020900000045930 a300bKialDEP aKIAT sukses Ujian Nasional 2006 3 IPS SMA/MAcRustamaji ; editor, Joko Widyatmoko aYogyakartabAndi Offsetc2005 aviii, 264 hlmbilusc28 cm aDiterbitkan atas kerjasama penerbit Andi Yogyakarta dengan FP2PG aIlmu-ilmu Sosial - Ujian, Soal, dsb aRustamaji aWidyatmoko, Joko aYOPDYOG a3 April 2007 a1 aJamil a2005-884hCB-D.11